000 00997nam a2200301 i 4500
003 EG-GICUC
005 20260307114003.0
008 260307s1969 ii ||||fr|||| 001 0 eng d
040 _aEG-GiCUC
_beng
_cEG-GiCUC
_dEG-GiCUC
_eRda
082 0 4 _221
_a341.6
_bST
092 0 4 _221
099 _aLaw1 11 341.6 ST 1969
245 1 0 _aStrategies of Revolutionary Warfare /
_b
_cJerry M. Tinker, Andrew R. Molnar.
_n
264 1 _aRam Nagar :
_bS. Chand & Co,
_c1969.
300 _a382page :
_billustration ;
_c 24 cm.
336 _2rda contenu
_a texte
337 _2rda medias
_aOrdinateur
338 _2 transporteur rda
_a Ressource en ligne
504 _aIncludes bibliographical references and index.
546 _aText in English
650 1 4 _aPublic international law
_2
651 1 _2
700 1 _aTinker, Jerry M
_eeditor.
700 1 _aMolnar, Andrew R
_eeditor.
856 4 0 _uhttps://fll.law.cu.edu.eg/fulltext/bks/B11-08627.pdf
905 _a50
942 _2ddc
_cBK
_e21
_n0
999 _c65565
_d65565